| 000 | 01006nam a22002417a 4500 | ||
|---|---|---|---|
| 999 |
_c63865 _d63865 |
||
| 005 | 20240530110703.0 | ||
| 008 | 171225s2016 ua a f b 000 0dara d | ||
| 017 |
_a2016/2220 _bمصر. دار الكتب |
||
| 020 | _a9789779104627 | ||
| 040 |
_aEG-CaGPL _cEG-CaGPL |
||
| 082 | 0 | 4 |
_221 _a327.17 _bق/ز م |
| 100 | 0 | _aزكى البحيرى | |
| 245 | 1 | 0 |
_aمصر ومشكلة مياه النيل : _bازمة سد النهضة : اتفاقية المياه - التغلغل الصهيونى - استراتيجيات الحل / _cزكى البحيرى . |
| 250 | _aط.1 | ||
| 260 |
_aالقاهرة : _bالهيئة المصرية العامة للكتاب ، _c2016 . |
||
| 300 |
_a740 ص. ؛ _c24 سم. |
||
| 504 | _aببليوجرافية : ص 719 - 740 | ||
| 650 | 0 | 7 |
_2qrmak _aسد النهضة |
| 650 | 0 | 7 |
_2qrmak _aالانهار _xقوانين وتشريعات |
| 650 | 0 | 7 |
_2qrmak _aالانهار _xقانون دولى |
| 942 |
_2ddc _cBK |
||